MARC

LEADER 00000nam0a2200000 4500
001 251207
005 20231101232633.0
010 |a 5247002741 
035 |a (RuTPU)RU\TPU\book\273473 
090 |a 251207 
100 |a 20140219d1988 k y0rusy50 ca 
101 0 |a rus 
102 |a RU 
105 |a a z 001zy 
200 1 |a Формационный анализ щелочных пород континентов и океанов  |f В. Г. Лазаренков 
210 |a Ленинград  |c Недра  |d 1988 
215 |a 236 с.  |c ил. 
320 |a Библиогр.: с. 231-234. 
606 1 |a Щелочные горные породы  |2 stltpush  |3 (RuTPU)RU\TPU\subj\19678  |9 44862 
610 1 |a магматические породы 
610 1 |a формационный анализ 
610 1 |a океаны 
610 1 |a континенты 
610 1 |a щелочные формации 
610 1 |a щелочные интрузии 
610 1 |a вертикальная протяженность 
610 1 |a тектоническое положение 
610 1 |a геохимическая специализация 
610 1 |a минерагеническая специализация 
675 |a 552.33  |v 3 
700 1 |a Лазаренков  |b В. Г.  |g Вадим Григорьевич 
801 1 |a RU  |b 63413507  |c 20140219 
801 2 |a RU  |b 63413507  |c 20140520  |g RCR 
942 |c BK